000 00487nam a22001577a 4500
005 20240108143041.0
008 190528b xxu||||| |||| 00| 0 eng d
020 _a978-93-86943-57-6
041 _aeng
100 _aTIWARI, DR. ABHISHEK .,SINGH,DR.ANITA.,UPMANYU,DR. NEERAJ,AND TIWARI,DR. VARSHA
_98318
245 _aA LABORATORY MANUAL ON PHARMACEUTICAL ORGANIC CHEMISTRY (SEM- II, AND III)
250 _a3rd, ed.
300 _a10.4p,
650 _aPHARMACY
_xB.PHARMA
942 _cBK
999 _c5863
_d5861